000 00515nam a2200217Ia 4500
003 0100
008 130303s9999 xx 000 0 und d
040 _cARRUPELIB
050 _aBJ1025.E95 1953
100 _aEwing , A.C
245 _aEthics
245 _bthe teach yourself books
260 _aNew York
260 _bEnglish University Press
260 _C1953
300 _a160p.
300 _b 18cm.
440 _aUniform with this volume and in the same series
650 _aETHICS
942 0 0 _04
999 _c53858
_d53858